Hyrule Compendium Part 2-Monsters - Statistics

General Stats
  • This quiz has been taken 27 times
  • The average score is 57 of 86
Answer Stats
Number Answer % Correct
105. {Blue} Bokoblin
100%
153. {Blue} Hinox
100%
117. {Blue} Lizalfos
100%
111. {Blue} Moblin
100%
87. {Electric} Chuchu
100%
91. {Electric} Keese
100%
122. {Electric} Lizalfos
100%
100. {Electric} Wizzrobe
100%
85. {Fire} Chuchu
100%
89. {Fire} Keese
100%
98. {Fire} Wizzrobe
100%
86. {Ice} Chuchu
100%
90. {Ice} Keese
100%
99. {Ice} Wizzrobe
100%
106. {Black} Bokoblin
90%
154. {Black} Hinox
90%
118. {Black} Lizalfos
90%
112. {Black} Moblin
90%
84. Chuchu
90%
88. Keese
90%
107. {Stal}koblin
90%
119. {Stal}lizalfos
90%
113. {Stal}moblin
90%
155. {Stal}nox
90%
92. {Water} Octorock
90%
108. {Silver} Bokoblin
86%
123. {Silver} Lizalfos
86%
128. {Silver} Lynel
86%
114. {Silver} Moblin
86%
104. Bokoblin
81%
168. {Calamity} Ganon
81%
165. {Fireblight} Ganon
76%
109. MM {Golden} Bokoblin
76%
124. MM {Golden} Lizalfos
76%
129. MM {Golden} Lynel
76%
115. MM {Golden} Moblin
76%
116. Lizalfos
76%
167. {Windblight} Ganon
76%
125. Lynel
71%
110. Moblin
71%
94. {Rock} Octorock
71%
103. {Thunder} Wizzrobe
71%
166. {Waterblight} Ganon
71%
169. {Dark Beast} Ganon
67%
150. {Frost} Pebblit
67%
147. {Frost} Talus
67%
130. Guardian {Stalker}
67%
143. Stone Talus
67%
144. {Stone Talus} (Luminous)
67%
145. {Stone Talus} (Rare)
67%
164. {Thunderblight} Ganon
67%
152. Hinox
62%
149. {Igneo} Pebblit
52%
146. {Igneo} Talus
52%
93. {Forest} Octorock
48%
131. Guardian {Skywatcher}
48%
132. Guardian {Turret}
48%
141. Master Kohga
48%
156. Molduga
48%
157. DLC Molduking
48%
97. MM {Sky} Octorock
48%
148. Stone Pebblit
48%
134. {Decayed} Guardian
43%
120. {Fire-Breath} Lizalfos
43%
135. Guardian {Scout I}
43%
136. Guardian {Scout II}
43%
137. Guardian {Scout III}
43%
138. Guardian {Scout IV}
43%
96. {Treasure} Octorock
43%
127. {White-Maned} Lynel
43%
139. Yiga {Footsoldier}
43%
126. {Blue-Maned} Lynel
38%
161. {Cursed} Bokoblin
38%
163. {Cursed} Lizalfos
38%
162. {Cursed} Moblin
38%
101. {Meteo} Wizzrobe
38%
142. DLC Monk Maz Koshia
38%
95. {Snow} Octorock
38%
140. Yiga {Blademaster}
38%
102. Blizzrobe
33%
121. {Ice-Breath} Lizalfos
33%
133. Sentry
33%
151. DLC Igneo Talus Titan
24%
158. Dinraal
14%
160. Farosh
14%
159. Naydra
14%
No matching quizzes found
Score Distribution
Percent of People with Each Score
Percentile by Number Answered
Your Score History
You have not taken this quiz